Score 0/55 Timer 08:00
112 Plays Today
% Correct
Miami
96.4%
Tampa
96.3%
Fort Lauderdale
95.5%
Orlando
95.4%
Daytona Beach
95.2%
Tallahassee
94.9%
West Palm Beach
93.4%
Denver
92.3%
Colorado Springs
91.3%
Indianapolis
90.2%
Raleigh
89.8%
Charlotte
89.7%
Salt Lake City
89.4%
Boulder
89.2%
Aspen
89.2%
Baltimore
87.9%
Boise
87.3%
Oregon City
87.2%
Annapolis
85.6%
Naples
85.4%
Sarasota
84.8%
Chapel Hill
84.7%
Greensboro
84.1%
Durham
83.3%
Gary
83.2%
Fort Wayne
83.1%
Billings
82.9%
Helena
82.3%
% Correct
Asheville
80.9%
Salem
80.1%
Eugene
79.7%
Winston-Salem
78.3%
Aurora
77.8%
Charleston
76.7%
Butte
76.6%
Bloomington
75.3%
Provo
75.3%
Evansville
73.9%
Bozeman
72.8%
Park City
69.8%
Fayetteville
69.1%
Wilmington
68.6%
Pueblo
66.9%
Terre Haute
65.6%
Missoula
65.4%
Grand Junction
65%
Durango
63.5%
Ocean City
62.9%
Ogden
62.3%
Bend
60.9%
Wheeling
57.9%
Hialeah
57.6%
Carmel
44.3%
Gresham
41.5%
Havre
31.6%

You're not logged in!

Compare scores with friends on all Sporcle quizzes.
OR
Log In

Sporcle TV

Today on Sporcle TV


Watch our educational content, quiz creation guides, and fun videos on Sporcle TV.

Show Comments

Extras

Top Quizzes Today


Score Distribution

Paid Content

Your Account Isn't Verified!

In order to create a playlist on Sporcle, you need to verify the email address you used during registration. Go to your Sporcle Settings to finish the process.

Report this User

Report this user for behavior that violates our Community Guidelines.

Details: